| LEADER |
00838nam0a2200217 450 |
| 001 |
16823811 |
| 010 |
|
|
|a 978-2-7234-9596-7
|b rel.
|d 13,9
|
| 100 |
|
|
|a 20131203d2026 u u0frey01 ba
|
| 101 |
0 |
|
|a fre
|
| 102 |
|
|
|a FR
|
| 200 |
0 |
|
|a hommes en rouge (Les)
|f Frédéric Lenoir, scénario
|g Griffo, dessin & couleurs - Rodolphe, découpage
|
| 207 |
|
1 |
|a
|
| 210 |
|
|
|a Evreux
|c éditions Atlas
|d impr. 2013
|
| 215 |
|
|
|a 1 vol. (56 p.)
|c ill. en coul., couv. ill. en coul.
|d 32 cm
|
| 225 |
1 |
|
|v tome
|
| 461 |
|
0 |
|t L'oracle della Luna
|v 3
|
| 700 |
|
0 |
|a Lenoir
|b Frédéric
|c Auteur du texte
|f 1962-....
|4 70
|
| 702 |
|
0 |
|a Griffo
|c Illustrateur
|f 1949-....
|4 440
|
| 900 |
|
|
|a Bandes déssinées ADULTE
|
| 901 |
|
|
|a Réserve
|
| 995 |
|
|
|a Bibliothèque
|c Bibliothèque
|f 024016777
|h 024016777
|k BDA LEN
|o p
|q a
|r az
|u Vérifier la pastille sur la côte
|e Bibliothèque
|